00451nam a2200145 i 450000100060000000300090000600500170001500700030003200800410003510000230007624501020009926000580020130000260025985200200028526097ES-MaACL20230906153403.0t|030107s1911 xxk ||||1| eng d1 aArnold, E. Vernon.10aRomam Stoicism b: being lectures on the history of the stoic philosophy / cby E. Vernon Arnold. aCambridge : bUniversity Press, c1911 (fPeter Lane) aIX, 468 p. ; c22 cm. aES-MaACLjF-543